Journal of Engineering Research

Guardado en:
Detalles Bibliográficos
Formato: Seriadas
Lenguaje:inglés
Publicado: Khaldiya Academic Publication Council
Etiquetas: Agregar Etiqueta
Sin Etiquetas, Sea el primero en etiquetar este registro!

MARC

LEADER 00000nas1a2200000 4500
001 0298478
005 20250701092121.0
022 |a 2307-1877 
022 |a 2307-1885 
041 0 |a eng 
044 |a KW 
245 1 0 |a Journal of Engineering Research 
264 1 |a Khaldiya  |b Academic Publication Council